Quizzes
Events
Quiz Creation
Community
Videos
Private Events
Remove Ads
Sign In
Join for FREE
Feedback
Dark Mode
Quiz Categories
Sports
Geography
Music
Movies
Television
Just For Fun
Miscellaneous
History
Literature
Language
Science
Gaming
Entertainment
Religion
Holiday
For Kids
Quiz Lab
Recent
Popular Today
Quiz Kudos Today
Editor Picks
Curator Picks
Quizzes by...
Day
Popularity
Type
Ratings
Length
Year
Community
Subscriptions
Recent Discussions
Orange Saloon
Badges
Playlists
Quests
Create
Leaderboards
Showdown
Live 5
Trivia Bingo
Activity
Puzzle Library
Sporcle Events
Private Events
Virtual Trivia
Globe League
Become a Host
Pub Owners
SporcleCon
Opinionation
Our Games
Videos
Blog
Mobile Apps
Partnerships
Remove Ads and Go Orange
Feedback
History
US Presidents
World Leaders
Politics
Nation
Discovery
War
Decade
Year
Century
Biography
Art
History
US Presidents
World Leaders
Politics
Nation
Discovery
War
Decade
Year
Century
Biography
Art
Random Quiz
Search Sporcle
×
Quiz Lab
Quiz Lab
History
test
Type in answers that appear in a list
Type in answers that appear in a list
Classic
Best Score? Go Orange.
Delta Chi Test 4 Stats
Can you name the Delta Chi Test 4?
By
trajon2411
10m
11 Questions
165 Plays
165 Plays
165 Plays
Comments
Comments
Give Quiz Kudos
Give Quiz Kudos
-
- Ratings
hide this ad
More Info
Replay
Link that replays current quiz
Next Quiz
Link to next quiz in quiz playlist
You Got
0%
They Got
Avg Score
15%
Avg Friend Score
Upgrade to see
Score Distribution
Jump to the score distribution portion of the page
Score
0/11
Timer
10:00
0
Plays Today
Questions
Answers
% Correct
What are the fraternity colors?
Red and buff
99.4%
Where does the majority of Delta Chi's income come from?
Liability Insurance
13.3%
What is the phone number of the international Delta Chi headquarters?
319 337 4811
9.1%
Why is it important to go national?
There is a need to be a part of something that transcends the individual, the local chapter, the campus. It provides a belief that is shared by thousands of others.
8.5%
When was it adopted?
1954
8.5%
What is the symbol of the Delta Chi Educational Foundation?
The Lamp of Learning
7.9%
How many chapters of general fraternities are there?
5000
7.9%
What is the address of the international Delta Chi headquarters?
314 Church Street, P.O. Box 1817 Iowa City, Iowa, 52244
7.3%
What was the address of the temporary headquarters?
16 1
7.3%
Why do the martlets fly left?
To match the winged horse Pegasus, which was the symbol for the Inner Temple where Sir Edward Coke studied the Law.
3%
What did George B. Bush do?
He was appointed as the first 'traveling secretary'. His job was to inspect the chapters, ensuring that high standards for housekeeping were maintained and that all the chapter records conformed to the guidelines of the fraternity.
0%
Quiz Playlist
Details
Report
Send in Message
Add To Playlist
More Info:
I didn't put the five awards and what they are for cuz some people may have different ones.
Classic:
Type in answers that appear in a list
Last Updated: Feb 16, 2017
Quiz Scoreboard
CHALLENGE
Sign Up to Join the Scoreboard
Show All
Scores
Hide
Comments
May contain spoilers
Recently Published
Billboard Blitz: Fleetwood Mac
by CooCooCachoo
Music
15s
Presidents Visiting Landmarks
by Hejman
History
7m
An Introduction to Baseball
by treessimontrees
Sports
5m
More to Explore
Quiz From the Vault
Featured Blog Post
Where Did the Easter Bunny Come From?
hide this ad
You Might Also Like...
Tags
chi
delta
test
Today's Top Quizzes in History
Browse History
hide this ad
Today's Top Quizzes in test
Browse test
Top Contributed Quizzes in History
1
Popular People in 1991
2
Popular People in 1981
3
Popular People in 1951
4
Popular People in 1941
5
Popular People in 1986
6
Popular People in 1976
7
Popular People in 1921
8
I Am Born On March 28th
9
5-to-1: 20th Century Images of War
10
Popular People in 1946
Explore More
Trending Topics
Disney
Kpop
NBA
Crossword
Marvel
Harry Potter
Anime
Pokémon
Puzzle
Song
WWE
The Office
Country
Soccer
NFL
hide this ad
More By:
trajon2411
Quiz
Plays
Rating
Category
Featured
Created
History of Greek Life
230
1.00
History
Sep 19, 2010
Delta Chi Test 4
165
History
Sep 30, 2010
D Chi-2
78
1.00
History
Sep 22, 2010
Go to Creator's Profile
Score Distribution
Quiz Creator Spotlight
trajon2411
Follow
Send a Message
Quizzes Created
-
Created Quiz Play Count
-
More By This Creator
Popular Quizzes Today
1
Find the US States - No Outlines Minefield
2
Find the Countries of Europe - No Outlines Minefield
3
The Countries of the World
4
Find the US States
5
Risky Map Clicking: Biggest States A-Z
6
US States
7
Popular People in 1961
8
Movies - When Are They Set?
More History Quizzes
Missing Word: Kyrgyzstan A-Z
Editor's Pick
Trending Quizzes
Risky Map Clicking: Least Populous States A-Z
1-10 Letter G Words
1-10 Letter F Words
Risky Map Clicking: Next State Alphabetically
Click the Washington State Counties! (Map)
Recently Updated
Leaping Animals
pecheneg
Reality TV Shows (A-Z)
bhenderson79
Rickey Henderson's Hall of Fame Teammates
pecheneg
Champions League XIs: Arsenal
pecheneg
Quick Pick: Celebrities in WWE's Hall of Fame
aduchscher
A-Z Keypad Blitz II
pecheneg
Multiple Oscar Actors
pecheneg
Mystery Phrase Blitz: Oscar 'Best Actors'
pecheneg
F. Scott Fitzgerald Novels
LTH
Pick 3 Villains
ddd62291
Trending Topics
Kpop
Disney
Marvel
NBA
Anime
Crossword
Harry Potter
NFL
WWE
Pokémon
Song
The Office
Country
Soccer
Puzzle
Your Account Isn't Verified!
In order to create a playlist on Sporcle, you need to verify the email address you used during registration. Go to your
Sporcle Settings
to finish the process.
Report this User
Report this user for behavior that violates our
Community Guidelines
.
Details:
Send Report
Go to the Sporcle.com Mobile Site →
Comments